Greek Vs Roman Gods - Statistics

General Stats
  • This quiz has been taken 110 times
  • The average score is 19 of 26
Answer Stats
Hint Answer % Correct
King of the gods, god of the sky and thunder Zeus
100%
God of the sea, earthquakes, and horses Poseidon
93%
Queen of the gods, goddess of marriage and family Hera
92%
Jupiter
92%
God of war Ares
91%
Goddess of wisdom, war, and crafts Athena
89%
Mars
88%
Neptune
88%
God of the sun, music, prophecy, and healing Apollo
84%
Apollo
84%
Venus
84%
Messenger of the gods, god of commerce and thieves Hermes
83%
Goddess of love and beauty Aphrodite
77%
Bonus: God of wine, celebration, and ecstasy Dionysus
77%
Mercury
75%
Goddess of the hunt, wilderness, and the moon Artemis
73%
Juno
67%
Diana
65%
Goddess of the hearth and home Hestia
60%
Bacchus
59%
God of fire, blacksmiths, and craftsmanship Hephaestus
57%
Vulcan
57%
Minerva
56%
Ceres
39%
Vesta
33%
Goddess of agriculture and fertility Demeta
3%
No matching quizzes found
Score Distribution
Percent of People with Each Score
Percentile by Number Answered
Your Score History
You have not taken this quiz